Stefan Pawlicki

Titel: Stefan Pawlicki : jeden z prekursorów nauki polskiej / Mirosław Mylik
Verfasser:
Veröffentlicht: Warszawa : Wydawn. Uniwersytetu Kardynała Stefana Wyszyńskiego, 2005
Umfang: 501 S.
Format: Buch
Sprache: Polnisch
RVK-Notation:
Schlagworte:
ISBN: 8370723608
Buchumschlag
X
Lokale Klassifikation: 2 P 1539 ; 32 11 A ; 32 15 A
alg: 13011591
001A    $03004:05-08-05 
001B    $01999:26-05-23 $t19:47:35.000 
001C    $06002:07-03-06 $t08:44:11.000 
001D    $03004:05-08-05 
001U    $0utf8 
001X    $00 
002@    $0Aau 
003@    $0130115916 
003O    $065539954 $aOCoLC 
004A    $083-7072-360-8 
007A    $0130115916 $aHEB 
007G    $0DE020D644F197D727DF2CC12580A3003A5AEC 
007T    $0Herdhh130115916 
009P    $qapplication/pdf $A2 $3Inhaltsverzeichnis $uhttp://scans.hebis.de/HEBCGI/show.pl?13011591_toc.pdf $mV:DE-603;B:DE-Mb50 
010@    $apol 
011@    $a2005 
021A    $aStefan Pawlicki $djeden z prekursorów nauki polskiej $hMirosław Mylik 
028A    $7 $8Mylik, Mirosław [Tnd] $9139002707 
033A    $pWarszawa $nWydawn. Uniwersytetu Kardynała Stefana Wyszyńskiego 
034D    $a501 S. 
044K    $#Pawlicki, Stephan $#Pawlicki, Stephanus $#Pawlicki, Stephanus Zacharias $7119302047 $8Pawlicki, Stefan$Z1839-1916 [Tp1] $9087641879 
045F    $a200.9438 $eDDC23BSB 
045F/01 $a200.9 
045F/03 $g438 
045G    $a370.9438 $eDDC23BSB 
045G/01 $a370.9 
045G/03 $g438 
045H    $a929.09438 $eDDC23BSB 
045H/01 $a929 
045H/03 $g438 
045Z    $8CH 7100 [Tkv] $9407646671 
046M    $aBibliogr. Stefan Pawlicki S. 263 - 286. - Literaturverz. S. [292] - 300 

lok: 13011591 24
101B    $005-08-05 $t17:04:21.000 
101C    $005-08-05 
145Z/01 $a2 P 1539 
145Z/02 $a32 11 A 
145Z/03 $a32 15 A 
101U    $0utf8 

exp: 13011591 24 1 #EPN
201B/01 $005-08-05 $t17:04:21.000 
201C/01 $005-08-05 
203@/01 $0276423674 
208@/01 $a05-08-05 $bz 
209A/01 $a05.2983 $du $f050 $h05 2983 $x00 
209C/01 $a05.2983 T $h05 2983 T 
209G/01 $a71113850 $x00 
220C/01 $agro 
247C/01 $8358050-7 Marburg, Bibliothek des Herder-Instituts Marburg $9102600961 
201U/01 $0utf8 

lok: 13011591 78

exp: 13011591 78 1 #EPN
201B/01 $019-04-17 $t19:48:27.000 
201U/01 $0utf8 
203@/01 $079427045X 
208@/01 $a12-11-16 $be 
209A/01 $a/ $f000 $x00 
220C/01 $aAnmerkung: NG 
237A/01 $aweiterführende Signatur(en): Herder-Institut: 05.2983 
244Z/01 $2Trx $#Poola $#Lenkija $#Polija $#Polen Land $#Poland $#Lengyelország $#Poľsko $#Polsko $8--Trx--Polska$gkraj $x01 $9391345966 
244Z/01 $2Trx $8--Trx--Pawlicki, Stefan$Z1839-1916 $x02 $9390833983 
244Z/01 $2Trx $#professorid $#dėstytojai $#professors $#professzor $#nauczyciele akademiccy $#učitelia vysokoškolskí $#učitelé vysokoškolští $#Professoren $#profesori $#profesoři $8--Trx--Hochschullehrer $x03 $9391380370 
244Z/01 $2Trx $#teoloogid $#teologai $#theologians $#teológusok $#teologowie $#teológovia $#teologové $8--Trx--Theologen $x04 $9391364359 
244Z/01 $2Trx $#filosoofid $#filosofai $#philosophers $#filozófusok $#filozofowie $#filozofi $#filozofové $8--Trx--Philosophen $x05 $9391360442 
244Z/01 $2Trx $8--Trx--Monographie $x06 $9391384546 
245Z/01 $a12.03 $x01 
247C/01 $82080>Marburg/Lahn, Herder-Institut, Forschungsbibliothek, Bibliographieportal $9336309341
LEADER 00000cam a2200000 c 4500
001 130115916
003 DE-603
005 20230526194735.0
007 tu
008 050805s2005 xx |||| | u00||u|pol c
020 |a 8370723608 
035 |a (DE-599)HEB130115916 
035 |a (OCoLC)65539954 
040 |a DE-603  |b ger  |c DE-603  |d DE-603 
041 |a pol 
082 0 4 |8 1\u  |a 200.9438  |q DE-101  |2 23/BSB 
083 0 |8 2\u  |a 370.9438  |q DE-101  |2 23/BSB 
083 0 |8 3\u  |a 929.09438  |q DE-101  |2 23/BSB 
084 |a CH 7100  |0 (DE-625)18347:  |0 (DE-603)407646671  |2 rvk 
085 |8 1\u  |b 200.9 
085 |8 1\u  |z 2  |s 438 
085 |8 2\u  |b 370.9 
085 |8 2\u  |z 2  |s 438 
085 |8 3\u  |b 929 
085 |8 3\u  |z 2  |s 438 
100 1 |a Mylik, Mirosław  |0 (DE-603)139002707 
245 0 0 |a Stefan Pawlicki  |b jeden z prekursorów nauki polskiej  |c Mirosław Mylik 
264 1 |a Warszawa  |b Wydawn. Uniwersytetu Kardynała Stefana Wyszyńskiego  |c 2005 
300 |a 501 S. 
500 |a Bibliogr. Stefan Pawlicki S. 263 - 286. - Literaturverz. S. [292] - 300 
600 1 7 |a Pawlicki, Stefan  |d 1839-1916  |0 (DE-588)119302047  |0 (DE-603)087641879  |2 gnd 
856 4 2 |m V:DE-603;B:DE-Mb50  |q application/pdf  |u http://scans.hebis.de/HEBCGI/show.pl?13011591_toc.pdf  |3 Inhaltsverzeichnis 
924 0 |9 Mb 50  |a (DE-603)276423674  |b DE-Mb50  |c HES  |d c  |g 05.2983 
924 0 |9 2080  |a (DE-603)79427045X  |b DE-2080  |c HES  |d d  |g /